| 000 | 00947nam0a22002891 4500 | ||
|---|---|---|---|
| 001 | RU\NLR\INFOCOMM\LIB1\16236 | ||
| 005 | 20250617210117.0 | ||
| 010 |
_a951-615-669-X _bsid. |
||
| 035 | _a(NLR Aleph) 004336739 | ||
| 090 |
_a3065314 _c3065314 |
||
| 100 | _a20011022d1991 |||y0rusy50 ca | ||
| 101 | 1 |
_afin _crus |
|
| 102 | _aRU | ||
| 105 | _aa ||||000ay | ||
| 200 | 1 |
_aDenisin seikkailuja _fViktor Dragunski _g[suomentanut Marja-Leena Derevjanko] |
|
| 210 |
_aM. _cRaduga _d1991 |
||
| 215 |
_a272 с.с цв. илл. _cил. _d22 см |
||
| 225 | 2 | _aOrient express. | |
| 300 | _aна обор. тит. л.:Денискины рассказы/В.Драгунский. | ||
| 700 | 1 |
_aDragunskij _bV.J. _f1913-1972 _gViktor Juzefovič _4070 |
|
| 702 | 1 |
_aDerevjanko _bM.-L. _gMarja-Leena _4730 |
|
| 801 | 1 |
_aRU _bInfoComm _c20011022 |
|
| 801 | 0 |
_aRU _bNLR _gPSBO _c911101 |
|
| 852 |
_aNLR _bДл01 _jД-5/388 |
||
| 942 | _cBOOK | ||
| 980 | _aNB | ||